Statistics for The Beatles Trivia

Click here to take the quiz!

General Stats

  • This quiz has been taken 231 times
  • The average score is 6 of 22

Answer Stats

HintAnswer% Correct
Beatle born 25th February 1943George
99%
Who was the youngest Beatles?George
72%
Which two Beatles were left handed?Paul and Ringo
56%
What was Paul's middle name?Paul
50%
Which Beatles album consists of only Lennon - McCartney compositions?A Hard Days Night
42%
How many British number 1s did The Beatles have?17
40%
The original title for the song Hey Jude?Hey Jules
37%
The famous venue in Liverpool where The Beatles called home?The Cavern Club
31%
What was the name of Paul's father?Jim
30%
Stu Sutcliffe was born 23rd June 1941, but in which country?Scotland
29%
Who was John's first wife?Cynthia Powell
29%
And the type of bass guitar he used?Hofner President
24%
Which Eddie Cochran song did Paul perform to John which got him in The Quarrymen?Twenty Flight Rock
18%
Who holds the record for the most British number 1's?Elvis
15%
What was the date that Paul officially announced the break up of the group?10th April 1970
8%
Who was The Beatles first manger?Allan Williams
6%
What was the date of Brian Epsteins death?27th August 1967
5%
Who invented The Beatles' famous mop top?Astrid Kircherr
5%
Which star appears three times on the cover of Sgt Peppers Lonely Hearts Club Band?Shirley Temple
4%
Which bassist has Paul said to be his greatest influence?James Jamerson
4%
What was the name of the aboves band?Jim Macs Jazz Band
3%
The date The Beatles first played a gig there?9th February 1961
2%

Score Distribution

Percentile by Number Answered

Percent of People with Each Score

Your Score History

You have not taken this quiz